000 00822nam a2200205 a 4500
003 0
005 20250313100024.0
008 080723s19uu xx 00 eng d
050 _aPGS LB 3060.57
_b.P191 2008
100 _aPanganiban, Andrea G.
245 _aThe relationship between SBA grades in English and English term grades /
_cAndrea G. Panganiban.
260 _aLas PiƱas City, Philippines :
_bSouthville International School and Colleges,
_c2008.
300 _a22 pages :
_billustrations ;
_c28 cm.
504 _aIncludes bibliographical references.
650 _aEducational tests and measurements
_vValidity.
650 _aAcademic achievement
_vEvaluation.
650 _aStandard-based assessment
_vEducation.
650 _aEnglish language
_vStudy and teaching
_vEvaluation.
942 _2lcc
_cPASS
999 _c97912
_d97912